000 00570nam a22001817a 4500
999 _c168159
_d168159
005 20190927125259.0
010 _aENG-126575
020 _c995.00
_a9788178441450
035 _aEN-110107
037 _bDBAD/PUB
082 _a635.9
100 _aHegde , P. D
245 _aUseful Decorative Plants /
_cBy P. D. Hegde
260 _aNew Delhi
_bK.K. Publications
_c2018
270 _bNew Delhi
_a4806/24 , Bharat Ram , Daryaganj
_e110002
_k011-47340207 , 23285167
_mkkdevinder@vsnl.net
300 _a256p.
_c23cm,(hbk)
942 _2ddc
_cEN
_h635.9
_mHEG